Preposiciones - Estadísticas

Estadísticas generales
  • Esta prueba ha sido intentada 42 veces
  • La puntuación promedio es 16 de 19
Estadísticas de respuestas
Respuesta % Correcto
Con
97%
De
97%
A
95%
En
95%
Para
95%
Por
95%
Contra
92%
Entre
92%
Ante
89%
Desde
89%
Sin
89%
Bajo
86%
Hasta
84%
Hacia
81%
Sobre
81%
Según
78%
Tras
65%
Durante
59%
Mediante
54%
No se encontraron pruebas coincidentes
Distribución de puntuación
Porcentaje de gente con cada puntuación
Porcentaje por número respondido
Historial de tus puntuaciones
No has intentado esta prueba.